000 00750nam a22002297a 4500
005 20170124105929.0
010 _aB-021888
020 _c00.00
_a8171415393
035 _aB-021888
037 _bCen Lib/Ret
040 _aDPL
_bEN
082 _a371.9
100 _aReddy,G.Lokanadha
_97841
245 _aEducation of children with special needs /
_cby G.Lokanadha Reddy;R.Ramar [and] A.Kusuma
260 _aNew Delhi
_bDiscovery publishing house
_c2000
270 _a4831/24, Ansari road Prahlad street Darya Ganj
_bNew Delhi
_e110002
300 _a247p.
_c21cm(Hb)
500 _aIncludes index
650 _aEucation -special childrens
_97842
650 _aDifferntly abled childrens
_97843
942 _2ddc
_cEN
_h371.9
_mRED
999 _c123727
_d123727